| 000 | 00000nam##2200000za#4500 |
| 001 | 9.663343 |
| 003 | CaOODSP |
| 005 | 20200401051832 |
| 007 | ta |
| 008 | 150407|2001||||xxc||||| f|0| 0 eng|d |
| 020 | |a0-662-66195-8 |
| 040 | |aCaOODSP|beng |
| 041 | |aeng |
| 041 | |afre |
| 043 | |an-cn--- |
| 086 | 1 |aSW21-87/2001 |
| 110 | 1 |aCanada. |bStatus of Women Canada. |
| 245 | 10|aInternational trade policy: a primer / |cby Kathleen Macmillan. |
| 260 | |aOttawa - Ontario : |bStatus of Women Canada |c2001. |
| 300 | |aEnglish text, 38p. : |c28 cm. |
| 504 | |aBibliography. |
| 546 | |aBilingual |
| 563 | |aSpiral binding |
| 590 | |a01-51|b2001-12-28 |
| 690 | 07|aTrade policy|2gcpds |
| 690 | 07|aFree trade|2gcpds |
| 690 | 07|aStatus of women|2gcpds |
| 690 | 07|aInternational trade|2gcpds |
| 720 | 1 |aMacmillan, Kathleen |
| 776 | 0#|tInternational trade policy : a primer / |w(CaOODSP)9.688485 |
| 776 | 0#|tPolitique internationale en matière de commerce : une introduction / |w(CaOODSP)9.632910 |
| 792 | |tPolitique internationale en matière de commerce: une introduction / |efre|w(CaOODSP)9.663344 |